000 00310nam a2200121Ia 4500
005 20251222154431.0
008 251222s9999||||xx |||||||||||||| ||spa||
020 _a978-958-648-610-1
082 _a344.046/R69
100 _a"Roa Rojas, HernánRoa Díaz, Cornelio"
245 0 _aRégimen ambiental
942 _cLIB
999 _c36431
_d36431